000
00309nam a2200121Ia 4500
008
190216s9999||||xx |||||||||||||| ||und||
100
_a
Vineeta Singhal
245
0
_a
Hindi-Bhavishya Ki Asha:Parajeeni Pahaslen
260
_b
Indraprastha International
_c
2008
300
_a
128
650
_a
Hindi
942
_c
BK
999
_c
16573
_d
16573